Introduction to artificial neural systems (Record no. 193799)
[ view plain ]
| 000 -LEADER | |
|---|---|
| fixed length control field | 00433nam a2200157Ia 4500 |
| 005 - DATE AND TIME OF LATEST TRANSACTION | |
| control field | 20250421135942.0 |
| 008 - FIXED-LENGTH DATA ELEMENTS--GENERAL INFORMATION | |
| fixed length control field | 231217s9999 xx 000 0 und d |
| 020 ## - INTERNATIONAL STANDARD BOOK NUMBER | |
| International Standard Book Number | 9788172246501 |
| 082 ## - DEWEY DECIMAL CLASSIFICATION NUMBER | |
| Classification number | 001.64404 ZUR;26 |
| 100 ## - MAIN ENTRY--PERSONAL NAME | |
| Personal name | Zurada, Jacek M |
| 245 #0 - TITLE STATEMENT | |
| Title | Introduction to artificial neural systems |
| 260 ## - PUBLICATION, DISTRIBUTION, ETC. (IMPRINT) | |
| Date of publication, distribution, etc. | 2006 |
| Name of publisher, distributor, etc. | Jaico publishing house |
| Place of publication, distribution, etc. | Mumbai |
| 300 ## - PHYSICAL DESCRIPTION | |
| Extent | xxiv, 683+A57+I19 |
| 650 ## - SUBJECT ADDED ENTRY--TOPICAL TERM | |
| Topical term or geographic name as entry element | artificial,neural |
| 942 ## - ADDED ENTRY ELEMENTS (KOHA) | |
| Koha item type | Books |
| Date last seen | Total Checkouts | Full call number | Accession number | Old discount | Cost, replacement price | Price effective from | Category | Lost status | Damaged status | Department | Withdrawn status | bill no. | bill date | Permanent Location | Current Location | Shelving location | Entry date | Vendor | Cost, normal purchase price | Grants | Currency symbol | Conversion rate | Discount | Discount type |
|---|---|---|---|---|---|---|---|---|---|---|---|---|---|---|---|---|---|---|---|---|---|---|---|---|
| 26/01/2024 | 001.64404 ZUR;26 | 81780 | 25 | 296.25 | 26/01/2024 | Books | Central Library | BA/2012/CR/0002420 | 28/10/2016 | Central Library | Central Library | Central Library | 29/08/2012 | Allied publ. | 395.00 | EC/PG | RS | 1 | 98.75 | Rupees | ||||
| 26/01/2024 | 001.64404 ZUR;27 | 81781 | 25 | 296.25 | 26/01/2024 | Books | Central Library | BA/2012/CR/0002420 | 14/06/2018 | Central Library | Central Library | Central Library | 29/08/2012 | Allied publ. | 395.00 | EC/PG | RS | 1 | 98.75 | Rupees | ||||
| 26/01/2024 | 001.64404 ZUR;28 | 81782 | 25 | 296.25 | 26/01/2024 | Books | Central Library | BA/2012/CR/0002420 | 28/10/2016 | Central Library | Central Library | Central Library | 29/08/2012 | Allied publ. | 395.00 | EC/PG | RS | 1 | 98.75 | Rupees | ||||
| 26/01/2024 | 001.64404 ZUR;29 | 81783 | 25 | 296.25 | 26/01/2024 | Books | Central Library | BA/2012/CR/0002420 | 28/10/2016 | Central Library | Central Library | Central Library | 29/08/2012 | Allied publ. | 395.00 | EC/PG | RS | 1 | 98.75 | Rupees |
